| 000 | 00571cam a22002171 4500 | ||
|---|---|---|---|
| 001 | sg 45000122 | ||
| 003 | DLC | ||
| 005 | 20260227112745.0 | ||
| 008 | 781109s1944 xx 000 0 eng | ||
| 010 | _asg 45000122 | ||
| 035 | _a(OCoLC)4360819 | ||
| 040 |
_aDLC _cTxLoL _dDLC |
||
| 042 | _apremarc | ||
| 050 | 0 | 0 |
_aQP801.V5 _bB775 |
| 110 | 2 | _aBurroughs Wellcome and Company. | |
| 245 | 0 | 4 | _aThe Vitamins. |
| 260 |
_a[New York] _bBurroughs Wellcome & Company, Inc. _cc1944. |
||
| 300 |
_a80 p. _b19 cm. |
||
| 504 | _aBibliography : p. 72-76. | ||
| 650 | 0 | _aVitamins. | |
| 999 |
_c90576 _d90576 |
||